000 00475nam a2200181Ia 4500
005 20250326141145.0
008 250326s9999 xx 000 0 und d
037 _aTextbook
040 _aFMSL
_beng
_cFMSL
041 _aeng
_2eng
084 _qFMSL
100 _aKrueger A O
_9743854
245 0 _aPerspectives on trade and development
_cKrueger A O
260 _aNew York
_bNew York, Harvester
_c1990
300 _a393p
942 _cTB
999 _c1288972
_d1288972